| 000 | 00559nam a22001937a 4500 | ||
|---|---|---|---|
| 005 | 20140411142744.0 | ||
| 010 | _aENG-109344 | ||
| 020 |
_a9788172736385 _c400.00 |
||
| 035 | _aEN-92877 | ||
| 037 | _bDBAD/PUB | ||
| 082 | _a809.132 | ||
| 100 | _aPatil, Mallikarjun | ||
| 245 |
_aThe epics of the world / _cby Mallikarjun Patil |
||
| 260 |
_a Delhi _bAuthorspress _c2012 |
||
| 270 |
_aE-35/103, Jawahar Park Laxmi Nagar, _bDelhi _e110092 |
||
| 300 |
_avi,124p. _c22cm(Hb) |
||
| 500 | _aIncludes index | ||
| 942 |
_2ddc _cEN _mPAT _h809.132 |
||
| 999 |
_c82608 _d82608 |
||